Quizmakers by most popular English quiz - Statistics

General Stats
  • This quiz has been taken 3 times
  • The average score is 2 of 10
Answer Stats
Hint Answer % Correct
World Map with random merged countries Stewart
100%
Countries of the World in 1914 with a Map Vicky
67%
World Map without 20 random countries Quizzer6794
33%
Germany immigration by country Aaron197
0%
Pin US states on a borderless map - Sudden Death Dimby
0%
North America map quiz Jiaozira
0%
NBA Team Logos KoljiVriVoda
0%
Countries of Africa LBA
0%
Every European Flag - Sudden Death overtired
0%
Countries by First two letters in 90 seconds scambigol
0%
No matching quizzes found
Score Distribution
Percent of People with Each Score
Percentile by Number Answered
Your Score History
You have not taken this quiz